Quantitative decision making

Bibliographic Details
Main Author: Forgionne, Guisseppi A.
Format: Book
Published: Belmont, California : Wadsworth Publishing Co , 1986
Subjects:

MARC

LEADER 00000cam a2200000 7i4500
001 0000000463
005 20030609.0
020 |a 0534053645 
040 |a INS 
090 0 0 |a HD30.23.   |b F69 1986 
100 1 |a Forgionne, Guisseppi A. 
245 1 0 |a Quantitative decision making   |c Guisseppi A. Forgionne 
260 |a Belmont, California :   |b Wadsworth Publishing Co ,   |c 1986 
500 |a Include index 
650 0 0 |a Management science 
999 |a 0000003338   |b BOOK   |c Open Shelf   |e Default branch